| 000 | 00608nam a22002051a 4500 | ||
|---|---|---|---|
| 001 | 3811 | ||
| 003 | OSt | ||
| 005 | 20260204211905.0 | ||
| 008 | 050220s2003||||dr ||||||b||||||||||spa|| | ||
| 020 | _a3366 7 | ||
| 050 | _aRD 170.44 M319c | ||
| 082 | _aRD 170.44 M319c | ||
| 110 | _aManual de ética ciudadana: Educación moral | ||
| 245 | _aMoral y civica: Para 6to, 7mo y 8vo del nivel básico Fausto Collado | ||
| 264 | _aSanto Domingo : Departamento de Prevención de la Corrupción Administrativa | ||
| 300 | _a152 p | ||
| 650 | _a1.Etica Práctica | ||
| 700 | _aCollado, FaustoÌ | ||
| 942 |
_2ddc _cBK |
||
| 999 |
_c3811 _d3811 |
||